02876nam a2200217 4500003000800000005001700008007000300025008004100028020001500069040004000084041000800124100001000132245009900142264005400241300001900295336002900314337002800343338002800371505059700399520166200996vecauma20260323142250.0ta260323b ve ||||| |||| 00| 0 spa d a8480881585 avecaumabspacvecaumadvecaumaerda aspa1 eautor1 aComo hablar bien en público bComunicar, persuadir y convencer con palabras c/ Manuel Couto aEspaña:bEdiciones Gestión 2000, S.A.;c1996. a153 páginas. atextobtxt2rdacontenido ano mediadobn2rdamedio avolumenbnc2rdasoporte0 aLa comunicación personal, hoy / Ejercicio Algo de psicología / Ejercicio La comunicación global / Ejercicio Motivación / La sonrisa / El sí / La última llave / Ejercicio L expresión corporal / Ejercicio El miedo y los nervios / Normas básicas protocolarias / La comunicación oral / Ejercicio Recursos estilísticos / Ejercicio La estructura del mensaje / Ejercicio Elementos físicos que intervienen en la comunicación / Ejercicio Casos diferentes de comunicación verbal directa / La comunicación verbal indirecta / Ejercicio últimos consejos / Resumen final /3 aManuel Couto Rodríguez es creativo publicitario y profesor de teoría de la imagen. Ha dado cursos y conferencias sobre creación visual y comunicación empresarial. Ha publicado numerosos artículos y medios de comunicación. En la actualidad su labor profesional se centra en la creación, diseño publicitario y la asesoría de imagen para empresas de ámbito nacional e internacional. Hablar bien en público es la mejor manera de lograr tanto el éxito personal como profesional. Dominar la palabra, la construcción de frases persuasivas y el lenguaje corporal; conocer los aspectos positivos de su personalidad y mostrarlos a los demás con naturalidad, harán de usted una persona admirada tanto por sus amigos y familiares como por sus jefes y clientes. Esta obra le muestra, con un lenguaje sencillo y directo, todas las fórmulas e ideas para que pueda: .Impartir clases como profesor .Pronunciar una conferencia .Participar de forma efectiva en reuniones profesionales .Presentarse a una entrevista de trabajo .Efectuar una presentación de venta .Intervenir en un coloquio radiofónico o televisivo ...Y muchas otras situaciones en las que su palabra juegue un papel importante. Además se proponen ejercicios prácticos y amenos que le ayudarán a "tener soltura", autoconocerse y, por supuesto, a vencer los nervios y la timidez. Si usted lee con detenimiento este libró y realiza de forma metódica cada ejercicio, al final los resultados serán espectaculares. Cómo hablar bien en público es una de las mejores inversiones que usted puede realizar para alcanzar el éxito en todos los aspectos de su vida.